<?xml version='1.0' encoding='UTF-8'?>
  <record xmlns="http://www.loc.gov/MARC21/slim">
    <leader>00000cam a22000007i 4500</leader>
    <controlfield tag="001">on1398213315</controlfield>
    <controlfield tag="003">OCoLC</controlfield>
    <controlfield tag="005">20250426182004.3</controlfield>
    <controlfield tag="008">230919s1529    gw i          000 0 ger d</controlfield>
    <datafield tag="040" ind1=" " ind2=" ">
      <subfield code="a">QGJ</subfield>
      <subfield code="b">eng</subfield>
      <subfield code="e">rda</subfield>
      <subfield code="e">dcrmr</subfield>
      <subfield code="c">QGJ</subfield>
      <subfield code="d">QGJ</subfield>
      <subfield code="d">OCLCL</subfield>
      <subfield code="d">QGJ</subfield>
      <subfield code="d">OCLCO</subfield>
    </datafield>
    <datafield tag="035" ind1=" " ind2=" ">
      <subfield code="a">(OCoLC)1398213315</subfield>
    </datafield>
    <datafield tag="110" ind1="1" ind2=" ">
      <subfield code="a">Holy Roman Empire.</subfield>
      <subfield code="b">Reichstag</subfield>
      <subfield code="d">(1529 :</subfield>
      <subfield code="c">Speyer, Germany)</subfield>
    </datafield>
    <datafield tag="245" ind1="1" ind2="0">
      <subfield code="a">ABschidt des Reichstags zu Speyer Anno M.D.xxix.:</subfield>
      <subfield code="b">Sampt der keiserlichen Constitution Wie gebrüder oder schwister kynder jres verstorben Vatter oder můtter brůder oder schwester Erbschafft vnder sich theylen sollen. : Vnd einem Keyserlichen Mandat der Widertauffen halber außgangen.</subfield>
    </datafield>
    <datafield tag="246" ind1="3" ind2=" ">
      <subfield code="a">Abschidt des Reichstags zu Speyer anno 1529</subfield>
    </datafield>
    <datafield tag="264" ind1=" " ind2="1">
      <subfield code="a">[Mainz] :</subfield>
      <subfield code="b">[Johann Schöffer],</subfield>
      <subfield code="c">[1529]</subfield>
    </datafield>
    <datafield tag="300" ind1=" " ind2=" ">
      <subfield code="a">[39] pages ;</subfield>
      <subfield code="c">31 cm (folio)</subfield>
    </datafield>
    <datafield tag="336" ind1=" " ind2=" ">
      <subfield code="a">text</subfield>
      <subfield code="b">txt</subfield>
      <subfield code="2">rdacontent</subfield>
    </datafield>
    <datafield tag="337" ind1=" " ind2=" ">
      <subfield code="a">unmediated</subfield>
      <subfield code="b">n</subfield>
      <subfield code="2">rdamedia</subfield>
    </datafield>
    <datafield tag="338" ind1=" " ind2=" ">
      <subfield code="a">volume</subfield>
      <subfield code="b">nc</subfield>
      <subfield code="2">rdacarrier</subfield>
    </datafield>
    <datafield tag="340" ind1=" " ind2=" ">
      <subfield code="m">folio</subfield>
      <subfield code="2">rdabf</subfield>
    </datafield>
    <datafield tag="500" ind1=" " ind2=" ">
      <subfield code="a">Publication statement from VD 16.</subfield>
    </datafield>
    <datafield tag="500" ind1=" " ind2=" ">
      <subfield code="a">Signatures: A-E⁴; E4v is blank.</subfield>
    </datafield>
    <datafield tag="500" ind1=" " ind2=" ">
      <subfield code="a">2 woodcut coats of arms on title page.</subfield>
    </datafield>
    <datafield tag="510" ind1="4" ind2=" ">
      <subfield code="a">Verzeichnis der im deutschen Sprachbereich erschienenen Drucke des 16. Jahrhunderts (VD 16),</subfield>
      <subfield code="c">ZV 13031</subfield>
      <subfield code="u">https://gateway-bayern.de/VD16+ZV+13031</subfield>
    </datafield>
    <datafield tag="510" ind1="4" ind2=" ">
      <subfield code="a">Rijksuniversiteit te Utrecht. Pamfletten niet voorkomende in afzonderlijk gedrukte catalogi der verzamelingen in andere openbare Nederlandsche bibliotheken,</subfield>
      <subfield code="c">239</subfield>
    </datafield>
    <datafield tag="650" ind1=" " ind2="0">
      <subfield code="a">Law</subfield>
      <subfield code="z">Holy Roman Empire</subfield>
      <subfield code="v">Sources.</subfield>
    </datafield>
    <datafield tag="651" ind1=" " ind2="0">
      <subfield code="a">Holy Roman Empire</subfield>
      <subfield code="x">History</subfield>
      <subfield code="y">Charles V, 1519-1556</subfield>
      <subfield code="v">Sources.</subfield>
    </datafield>
    <datafield tag="610" ind1="1" ind2="0">
      <subfield code="a">Holy Roman Empire.</subfield>
      <subfield code="b">Reichstag</subfield>
      <subfield code="d">(1529 :</subfield>
      <subfield code="c">Speyer, Germany)</subfield>
    </datafield>
    <datafield tag="650" ind1=" " ind2="6">
      <subfield code="a">Droit</subfield>
      <subfield code="z">Saint Empire romain germanique</subfield>
      <subfield code="v">Sources.</subfield>
    </datafield>
    <datafield tag="651" ind1=" " ind2="6">
      <subfield code="a">Saint Empire romain germanique</subfield>
      <subfield code="x">Histoire</subfield>
      <subfield code="y">1519-1556 (Charles V)</subfield>
      <subfield code="v">Sources.</subfield>
    </datafield>
    <datafield tag="610" ind1="1" ind2="7">
      <subfield code="a">Holy Roman Empire.</subfield>
      <subfield code="b">Reichstag</subfield>
      <subfield code="2">fast</subfield>
    </datafield>
    <datafield tag="650" ind1=" " ind2="7">
      <subfield code="a">Law</subfield>
      <subfield code="2">fast</subfield>
    </datafield>
    <datafield tag="651" ind1=" " ind2="7">
      <subfield code="a">Europe</subfield>
      <subfield code="z">Holy Roman Empire</subfield>
      <subfield code="2">fast</subfield>
    </datafield>
    <datafield tag="648" ind1=" " ind2="7">
      <subfield code="a">1519-1556</subfield>
      <subfield code="2">fast</subfield>
    </datafield>
    <datafield tag="655" ind1=" " ind2="7">
      <subfield code="a">History</subfield>
      <subfield code="2">fast</subfield>
    </datafield>
    <datafield tag="655" ind1=" " ind2="7">
      <subfield code="a">Sources</subfield>
      <subfield code="2">fast</subfield>
    </datafield>
    <datafield tag="700" ind1="0" ind2=" ">
      <subfield code="a">Charles</subfield>
      <subfield code="b">V,</subfield>
      <subfield code="c">Holy Roman Emperor,</subfield>
      <subfield code="d">1500-1558.</subfield>
      <subfield code="1">https://id.oclc.org/worldcat/entity/E39PBJrrtb7QxXCFgdVBT4dmh3</subfield>
    </datafield>
    <datafield tag="700" ind1="1" ind2=" ">
      <subfield code="a">Schöffer, Johann,</subfield>
      <subfield code="d">approximately 1468-1531,</subfield>
      <subfield code="e">printer.</subfield>
      <subfield code="4">prt</subfield>
      <subfield code="1">https://id.oclc.org/worldcat/entity/E39PBJgMv7vwgk8K7d34dqRxjC</subfield>
    </datafield>
    <datafield tag="710" ind1="1" ind2="2">
      <subfield code="i">Container of (work):</subfield>
      <subfield code="a">Holy Roman Empire.</subfield>
      <subfield code="b">Emperor (1519-1556 : Charles V).</subfield>
      <subfield code="t">Wie Gebrüder oder Schwesterkinder ihres verstorben Vater oder Mutter Bruder oder Schwester Erbschaft unter sich teilen sollen.</subfield>
    </datafield>
    <datafield tag="710" ind1="1" ind2="2">
      <subfield code="i">Container of (work)</subfield>
      <subfield code="a">Holy Roman Empire.</subfield>
      <subfield code="b">Emperor (1519-1556 : Charles V).</subfield>
      <subfield code="t">Mandat der Wiedertäufer halber ausgangen.</subfield>
    </datafield>
    <datafield tag="752" ind1=" " ind2=" ">
      <subfield code="a">Germany</subfield>
      <subfield code="b">Rhineland-Palatinate</subfield>
      <subfield code="d">Mainz,</subfield>
      <subfield code="e">publication place.</subfield>
      <subfield code="4">pup</subfield>
    </datafield>
    <datafield tag="758" ind1=" " ind2=" ">
      <subfield code="i">has work:</subfield>
      <subfield code="a">Abschidt des Reichstags zu Speyer anno M.D.xxix (Text)</subfield>
      <subfield code="1">https://id.oclc.org/worldcat/entity/E39PCGfQxrqRh7qkTVwthKPXJP</subfield>
      <subfield code="4">https://id.oclc.org/worldcat/ontology/hasWork</subfield>
    </datafield>
  </record>